| 000 | 00454cam a2200181ua 4500 | ||
|---|---|---|---|
| 020 | _c13.00 | ||
| 041 |
_aeng _h |
||
| 082 |
_a604.2 _bSCH/TE |
||
| 100 | _aSchmidt, Otto . | ||
| 245 |
_aTechnical fundamentals technical drawing / _cOtto Schmidt. _hTextual Documents |
||
| 250 |
_a1 / _b. |
||
| 260 |
_aMumbai : _bAsia Publishing House , _c1964. |
||
| 300 | _a227 ; . | ||
| 365 | _a13.00 | ||
| 504 | _a | ||
| 942 | _cBK | ||
| 999 |
_c1438 _d1438 |
||